Les 9 clubs ayant remporté la Liga - Statistiques

Statistiques générales
  • Ce quiz a été pris 291 fois
  • Le résultat moyen est 7 sur 9
Statistiques - réponses
Top Nb titre de champion Club % Correct
2 26 FC Barcelone
100%
1 35 Real Madrid
100%
3 11 Atlético Madrid
94%
9 1 Sevilla FC
90%
5 6 Valencia CF
82%
4 8 Athletic Bilbao
69%
6 2 Real Sociedad
69%
7 1 Deportivo La Corogne
54%
8 1 Real Betis
17%
Aucun quiz correspondant
Distribution des résultats
% des personnes avec chaque résultat
Percentile par nombre de réponses
Votre historique - résultats
Vous n’avez pas pris ce quiz